LEADER 01120nam0 2200277 450 001 000003734 005 20050630120000.0 010 $a88-495-0187-0 100 $a--------d2001----km-y0itay50------ba 101 $aita 102 $aIT 200 1 $aProfili evolutivi del diritto dello sport$e[atti del Convegno, Camerino, 10 dicembre 1999]$f[scritti di Giulio Napolitano, Massimo Moccia... et al.] 210 $aNapoli$cESI$d2001 215 $a129 p.$d24 cm 225 2 $aLezioni della Scuola di specializzazione in diritto civile, Università degli studi di Camerino$v18 300 $aAtti del Convegno "Profili del diritto dello sport", Camerino 1999 410 0$12001$aLezioni della Scuola di specializzazione in diritto civile, Università degli studi di Camerino 610 1 $aSport$aDiritto$aEvoluzione 676 $a344.45099 701 1$aNapolitano,$bGiulio$0262796 701 1$aMoccia,$bMassimo$0630178 801 0$aIT $bUNIPARTHENOPE $gRICA $2UNIMARC 912 $a000003734 951 $cNAVA1$a344-P/6$b35186$d20020325 996 $aProfili evolutivi del diritto dello sport$91223636 997 $aUNIPARTHENOPE LEADER 00884nam0-22003131i-450- 001 990000366010403321 005 20001010 010 $a0-306-43628-0 035 $a000036601 035 $aFED01000036601 035 $a(Aleph)000036601FED01 035 $a000036601 100 $a20001010d--------km-y0itay50------ba 101 0 $aita 105 $ay-------001yy 200 1 $aCATALYTIC ammonia synthesis$efundamentals and practice$fEdited by J.R. Jennings 210 $aNew York$cPlenum Press$dcopyr. 1991 215 $aXX,451 p. ill. 24 cm 225 1 $aFundamental and applied catalysis 676 $a661.34 702 1$aJennings,$bJohn R. 801 0$aIT$bUNINA$gRICA$2UNIMARC 901 $aBK 912 $a990000366010403321 952 $a04 101-103$bIRC 1857/L$fDINCH 959 $aDINCH 996 $aCATALYTIC ammonia synthesis$9126658 997 $aUNINA DB $aING01 LEADER 02084nam 2200373 450 001 9910729789303321 005 20230730091339.0 024 7 $a10.3390/books978-3-0365-7816-3 035 $a(CKB)4960000000468952 035 $a(NjHacI)994960000000468952 035 $a(EXLCZ)994960000000468952 100 $a20230730d2023 uy 0 101 0 $aeng 135 $aur||||||||||| 181 $ctxt$2rdacontent 182 $cc$2rdamedia 183 $acr$2rdacarrier 200 00$aCatholic Education /$fedited by Pawe? Ma?kosa 210 1$aBasel, Switzerland :$cMDPI - Multidisciplinary Digital Publishing Institute,$d2023. 215 $a1 online resource (262 pages) 311 $a3-0365-7816-1 330 $aCatholic education faces many challenges, mainly due to secularisation. This applies to both content and methods, as well as teacher training. In response to these challenges, the publication titled "Catholic Education" has been prepared. This topic is understood very broadly and includes all dimensions of education provided within the Catholic Church, in Catholic schools and Catholic communities around the world. The main aim of this reprint is to specify and answer new challenges for Catholic education and Catholic religious education that arise from secularisation and other reasons. This reprint contains 17 chapters authored by researchers from various countries and different traditions. Drawing from their diverse experiences, they not only address the issues within their own environments but also analyse global problems. Papers presenting Catholic education and Catholic religious education in historical, contemporary, and future perspectives are also present. 606 $aReligious education$xTeaching methods 606 $aChristian education 615 0$aReligious education$xTeaching methods. 615 0$aChristian education. 676 $a268 702 $aMa?kosa$b Pawe? 801 0$bNjHacI 801 1$bNjHacl 906 $aBOOK 912 $a9910729789303321 996 $aCatholic education$92233195 997 $aUNINA